[Event "31. Abierto Ciudad de Sevilla"]
[Site "Sevilla ESP"]
[Date "2006.01.07"]
[Round "1.1"]
[White "Korneev, Oleg"]
[Black "Acuña Torrescusa, Carlos"]
[Result "1-0"]
[WhiteElo "2649"]
[BlackElo "1885"]
[PlyCount "65"]
[EventDate "2006.01.07"]
[EventType "swiss"]
[EventRounds "9"]
[EventCountry "ESP"]
[Source "lmi"]
[SourceDate "2006.01.09"]

1. e4 e5 2. Nf3 Nc6 3. Bb5 Nf6 4. O-O a6 5. Bxc6 dxc6 6. Nxe5 Bc5 7. d3 Bd4 8.
Nf3 Bg4 9. c3 Bb6 10. Bg5 h6 11. Bxf6 Qxf6 12. Nbd2 O-O-O 13. d4 g5 14. Re1 h5
15. b4 h4 16. e5 Qf5 17. Qb1 Qd7 18. Ne4 Bxf3 19. Nf6 Qe6 20. gxf3 Rxd4 21.
cxd4 Bxd4 22. Qe4 Bxa1 23. Rxa1 Rd8 24. Kg2 Kb8 25. a3 Qb3 26. Qe3 Rd3 27. Qe4
Qc3 28. Ra2 Rd1 29. Qe3 Qc4 30. Re2 h3+ 31. Kxh3 Rg1 32. Ng4 f5 33. exf6 1-0

[Event "31. Abierto Ciudad de Sevilla"]
[Site "Sevilla ESP"]
[Date "2006.01.07"]
[Round "1.2"]
[White "Barragan Fuentes, Luis"]
[Black "Spraggett, Kevin"]
[Result "0-1"]
[WhiteElo "1883"]
[BlackElo "2581"]
[PlyCount "44"]
[EventDate "2006.01.07"]
[EventType "swiss"]
[EventRounds "9"]
[EventCountry "ESP"]
[Source "lmi"]
[SourceDate "2006.01.09"]

1. e4 c5 2. Nf3 e6 3. d4 cxd4 4. Nxd4 Nf6 5. Nc3 d6 6. Bc4 Nc6 7. Bb3 Be7 8.
Be3 O-O 9. f4 a6 10. Nxc6 bxc6 11. e5 Nd5 12. Bxd5 cxd5 13. Ne2 dxe5 14. fxe5
f6 15. Bd4 fxe5 16. Bxe5 Bc5 17. Rf1 Qh4+ 18. Bg3 Rxf1+ 19. Kxf1 Qf6+ 20. Ke1
Bb7 21. c3 Rf8 22. Kd2 d4 0-1

[Event "31. Abierto Ciudad de Sevilla"]
[Site "Sevilla ESP"]
[Date "2006.01.07"]
[Round "1.3"]
[White "Hickl, Joerg"]
[Black "Martinez Rubio, Felipe"]
[Result "1-0"]
[WhiteElo "2555"]
[BlackElo "1874"]
[PlyCount "61"]
[EventDate "2006.01.07"]
[EventType "swiss"]
[EventRounds "9"]
[EventCountry "ESP"]
[Source "lmi"]
[SourceDate "2006.01.09"]

1. g3 d5 2. Nf3 Nf6 3. Bg2 e6 4. O-O Bd6 5. c4 O-O 6. b3 b6 7. Bb2 Bb7 8. Nc3
a6 9. Qc2 Nbd7 10. d3 c5 11. e3 Re8 12. Rfe1 h6 13. Rad1 Qc7 14. cxd5 exd5 15.
Ne2 Rac8 16. Nh4 Bf8 17. Bh3 Rcd8 18. Rc1 b5 19. Qb1 Qb6 20. Qa1 g6 21. Bg2 Bg7
22. a3 Qd6 23. Nf3 Ba8 24. Nf4 Rc8 25. h4 Re7 26. e4 dxe4 27. dxe4 Ne8 28. e5
Qc7 29. e6 Bxb2 30. exd7 Rxe1+ 31. Rxe1 1-0

[Event "31. Abierto Ciudad de Sevilla"]
[Site "Sevilla ESP"]
[Date "2006.01.07"]
[Round "1.4"]
[White "Castilla Salinas, Pedro"]
[Black "Campora Sivori, Daniel"]
[Result "0-1"]
[WhiteElo "1873"]
[BlackElo "2541"]
[PlyCount "94"]
[EventDate "2006.01.07"]
[EventType "swiss"]
[EventRounds "9"]
[EventCountry "ESP"]
[Source "lmi"]
[SourceDate "2006.01.09"]

1. d4 Nf6 2. c4 e5 3. dxe5 Ng4 4. Nf3 Nc6 5. e3 Ngxe5 6. Nxe5 Nxe5 7. Nc3 Bb4
8. Bd2 O-O 9. a3 Bxc3 10. Bxc3 Qe7 11. Qd5 d6 12. Bxe5 dxe5 13. Be2 c6 14. Qa5
b6 15. Qc3 c5 16. b4 Bb7 17. O-O Rac8 18. b5 h5 19. Rfd1 h4 20. h3 Qg5 21. f3
Rce8 22. Kh1 Re6 23. e4 Rg6 24. Bf1 Bc8 25. Qd2 Qg3 26. Qe1 Qxe1 27. Rxe1 Rd6
28. Red1 Rfd8 29. Be2 Be6 30. Rxd6 Rxd6 31. Ra2 Rd4 32. Rc2 Kh7 33. Kg1 Kg6 34.
Kf2 Kg5 35. Ke3 g6 36. Bf1 f5 37. exf5 gxf5 38. Be2 Bf7 39. Rc3 Bg6 40. Rc1 f4+
41. Kf2 Kf6 42. Ke1 e4 43. fxe4 Bxe4 44. Kf1 Rd2 45. Rc3 Ke5 46. Ke1 Rb2 47.
Bf3 Kd4 0-1

[Event "31. Abierto Ciudad de Sevilla"]
[Site "Sevilla ESP"]
[Date "2006.01.07"]
[Round "1.5"]
[White "Dizdar, Goran"]
[Black "Ballesteros Borondo, Victor"]
[Result "1-0"]
[WhiteElo "2531"]
[BlackElo "1864"]
[PlyCount "71"]
[EventDate "2006.01.07"]
[EventType "swiss"]
[EventRounds "9"]
[EventCountry "ESP"]
[Source "lmi"]
[SourceDate "2006.01.09"]

1. d4 Nf6 2. Nf3 g6 3. c4 Bg7 4. g3 O-O 5. Bg2 c6 6. O-O d5 7. b3 Nbd7 8. Bb2
Ne4 9. e3 Ndf6 10. Ne5 e6 11. Qe2 Qc7 12. Rc1 Nd7 13. Nd3 Qd8 14. f3 Nef6 15.
e4 Qb6 16. Nd2 Rd8 17. e5 Ne8 18. f4 a5 19. Qe3 Nc7 20. Ba3 Na6 21. Bd6 Bf8 22.
c5 Qa7 23. Bxf8 Rxf8 24. Nf3 b6 25. f5 gxf5 26. Nf4 bxc5 27. Nh5 f6 28. exf6
Rxf6 29. Qg5+ Rg6 30. Qd8+ Kf7 31. Ng5+ Rxg5 32. Qxg5 Bb7 33. Qg7+ Ke8 34. Re1
e5 35. Rxe5+ Nxe5 36. Qxe5+ 1-0

[Event "31. Abierto Ciudad de Sevilla"]
[Site "Sevilla ESP"]
[Date "2006.01.07"]
[Round "1.6"]
[White "Cilleros Rodriguez, Manuel"]
[Black "Narciso Dublan, Marc"]
[Result "0-1"]
[WhiteElo "1850"]
[BlackElo "2525"]
[PlyCount "48"]
[EventDate "2006.01.07"]
[EventType "swiss"]
[EventRounds "9"]
[EventCountry "ESP"]
[Source "lmi"]
[SourceDate "2006.01.09"]

1. c4 e5 2. Nc3 Nc6 3. Nf3 Nf6 4. g3 Bc5 5. Bg2 d6 6. d3 h6 7. O-O O-O 8. Nd2
Bf5 9. a3 Qd7 10. Nde4 Nxe4 11. Nxe4 Bb6 12. b4 Rae8 13. Bd2 a6 14. Rc1 Ba7 15.
Nc3 Bh3 16. Bxh3 Qxh3 17. Nd5 f5 18. e3 f4 19. exf4 Nd4 20. Be3 c6 21. Bxd4
Bxd4 22. Ne3 exf4 23. Qg4 Qxg4 24. Nxg4 h5 0-1

[Event "31. Abierto Ciudad de Sevilla"]
[Site "Sevilla ESP"]
[Date "2006.01.07"]
[Round "1.7"]
[White "Lopez Martinez, Josep Manuel"]
[Black "Savarese, Vincenzo"]
[Result "1-0"]
[WhiteElo "2518"]
[BlackElo "1848"]
[PlyCount "41"]
[EventDate "2006.01.07"]
[EventType "swiss"]
[EventRounds "9"]
[EventCountry "ESP"]
[Source "lmi"]
[SourceDate "2006.01.09"]

1. e4 e6 2. d4 d5 3. Nc3 h6 4. Nf3 Nf6 5. e5 Ne4 6. Bd3 Bb4 7. O-O Bxc3 8. bxc3
c5 9. Bxe4 dxe4 10. Nd2 Qd5 11. Qg4 Kf8 12. Nxe4 h5 13. Qf4 Nc6 14. Nxc5 b6 15.
Ne4 Ba6 16. Re1 Rc8 17. Ba3+ Kg8 18. Re3 Qd8 19. Nf6+ gxf6 20. Rg3+ Kh7 21. Qf3
1-0

[Event "31. Abierto Ciudad de Sevilla"]
[Site "Sevilla ESP"]
[Date "2006.01.07"]
[Round "1.9"]
[White "Matamoros Franco, Carlos S"]
[Black "Martin Rodriguez, Jose Maria"]
[Result "1-0"]
[WhiteElo "2510"]
[BlackElo "1974"]
[PlyCount "33"]
[EventDate "2006.01.07"]
[EventType "swiss"]
[EventRounds "9"]
[EventCountry "ESP"]
[Source "lmi"]
[SourceDate "2006.01.09"]

1. d4 d5 2. c4 e6 3. Nc3 Nf6 4. Nf3 c5 5. cxd5 exd5 6. g3 Nc6 7. Bg2 Be6 8. O-O
h6 9. Be3 Ng4 10. Bf4 g5 11. Bc1 c4 12. e4 Nf6 13. Nxg5 hxg5 14. Bxg5 dxe4 15.
d5 Bd7 16. dxc6 Bxc6 17. Qxd8+ 1-0

[Event "31. Abierto Ciudad de Sevilla"]
[Site "Sevilla ESP"]
[Date "2006.01.07"]
[Round "1.11"]
[White "Khamrakulov, Ibragim S"]
[Black "Romero Siria, Segundo"]
[Result "1-0"]
[WhiteElo "2499"]
[BlackElo "1952"]
[PlyCount "35"]
[EventDate "2006.01.07"]
[EventType "swiss"]
[EventRounds "9"]
[EventCountry "ESP"]
[Source "lmi"]
[SourceDate "2006.01.09"]

1. e4 c5 2. c3 Nc6 3. d4 cxd4 4. cxd4 d5 5. exd5 Qxd5 6. Nf3 Bg4 7. Nc3 Qd7 8.
d5 Bxf3 9. gxf3 a6 10. dxc6 Qxc6 11. Qa4 Qxa4 12. Nxa4 e5 13. Bg2 f5 14. O-O
Bb4 15. a3 Ba5 16. b4 Bc7 17. Bb2 Nf6 18. Rfe1 1-0

[Event "31. Abierto Ciudad de Sevilla"]
[Site "Sevilla ESP"]
[Date "2006.01.07"]
[Round "1.12"]
[White "Gonzalez Lara, Felix"]
[Black "Mirzoev, Azer"]
[Result "0-1"]
[WhiteElo "1926"]
[BlackElo "2598"]
[PlyCount "58"]
[EventDate "2006.01.07"]
[EventType "swiss"]
[EventRounds "9"]
[EventCountry "ESP"]
[Source "lmi"]
[SourceDate "2006.01.09"]

1. e4 c5 2. Nf3 e6 3. d4 cxd4 4. Nxd4 Nc6 5. Nb3 Nf6 6. Nc3 a6 7. Be3 Bb4 8.
Qd3 d5 9. O-O-O dxe4 10. Nxe4 Qxd3 11. Nxf6+ gxf6 12. Bxd3 Ne5 13. Be4 f5 14.
Bb6 Be7 15. Bd3 Rg8 16. g3 Bd7 17. f4 Nxd3+ 18. Rxd3 Bc6 19. Rhd1 Rc8 20. Na5
Be4 21. R3d2 h5 22. Nb3 h4 23. Bf2 hxg3 24. hxg3 Rh8 25. c3 Rh2 26. Nd4 Rxc3+
27. bxc3 Ba3+ 28. Rb2 Rxf2 29. Rdd2 Rf1+ 0-1

[Event "31. Abierto Ciudad de Sevilla"]
[Site "Sevilla ESP"]
[Date "2006.01.07"]
[Round "1.13"]
[White "Del Rio Angelis, Salvador Gabriel"]
[Black "Suriol Peinado, Alberto"]
[Result "1-0"]
[WhiteElo "2497"]
[BlackElo "1905"]
[PlyCount "47"]
[EventDate "2006.01.07"]
[EventType "swiss"]
[EventRounds "9"]
[EventCountry "ESP"]
[Source "lmi"]
[SourceDate "2006.01.09"]

1. e4 c5 2. Nf3 d6 3. d4 cxd4 4. Nxd4 Nf6 5. Nc3 a6 6. Bc4 e6 7. Bb3 Be7 8. g4
O-O 9. g5 Ne8 10. h4 Nc6 11. Be3 Na5 12. f4 Nxb3 13. axb3 Nc7 14. Qf3 d5 15.
O-O-O dxe4 16. Qxe4 Bd6 17. Nf3 Qe7 18. h5 Bc5 19. h6 Bxe3+ 20. Qxe3 g6 21. Qe5
f6 22. gxf6 Rxf6 23. f5 b5 24. Ne4 1-0

[Event "31. Abierto Ciudad de Sevilla"]
[Site "Sevilla ESP"]
[Date "2006.01.07"]
[Round "1.14"]
[White "Barrero Ortega, Abraham"]
[Black "Gomez Esteban, Juan Mario"]
[Result "0-1"]
[WhiteElo "1893"]
[BlackElo "2490"]
[PlyCount "70"]
[EventDate "2006.01.07"]
[EventType "swiss"]
[EventRounds "9"]
[EventCountry "ESP"]
[Source "lmi"]
[SourceDate "2006.01.09"]

1. e4 c6 2. d4 d5 3. Nd2 dxe4 4. Nxe4 Bf5 5. Ng3 Bg6 6. h4 h6 7. h5 Bh7 8. Nf3
e6 9. Bd3 Bxd3 10. Qxd3 Nf6 11. Bd2 Be7 12. O-O-O O-O 13. Kb1 c5 14. Ne4 cxd4
15. Nxd4 Nbd7 16. Qe2 Nxe4 17. Qxe4 Nf6 18. Qxb7 Rb8 19. Qxa7 Ra8 20. Qb7 Qxd4
21. Qxe7 Rfb8 22. Bc1 Ne4 23. Rd3 Nc3+ 24. Rxc3 Qxc3 25. Rd1 Qa5 26. a3 Qxh5
27. Rd7 Qf5 28. Be3 Rc8 29. Rc7 Rxc7 30. Qxc7 Qb5 31. c4 Qb3 32. Ka1 Ra4 33.
Qd8+ Kh7 34. c5 Rc4 35. Qd6 Rh4 0-1

[Event "31. Abierto Ciudad de Sevilla"]
[Site "Sevilla ESP"]
[Date "2006.01.07"]
[Round "1.15"]
[White "Movsziszian, Karen"]
[Black "Romero Velasco, Manuel"]
[Result "1-0"]
[WhiteElo "2486"]
[BlackElo "1893"]
[PlyCount "63"]
[EventDate "2006.01.07"]
[EventType "swiss"]
[EventRounds "9"]
[EventCountry "ESP"]
[Source "lmi"]
[SourceDate "2006.01.09"]

1. d4 d5 2. c4 e6 3. Nc3 Nf6 4. Nf3 g6 5. Bg5 Bg7 6. e3 c6 7. Qc2 O-O 8. Rd1
Nbd7 9. Be2 Qa5 10. O-O Ne4 11. Nxe4 dxe4 12. Qxe4 Qxa2 13. Qc2 Qa5 14. e4 Qc7
15. e5 b6 16. Qe4 Bb7 17. Qh4 c5 18. Be7 Rfe8 19. Bd6 Qd8 20. Qf4 cxd4 21. Rxd4
h6 22. Rfd1 Qc8 23. h4 Bc6 24. b4 a6 25. h5 Nf8 26. hxg6 Nxg6 27. Qg3 Qb7 28.
Bd3 Kh8 29. Nh4 Nxh4 30. Rxh4 Rg8 31. Qg5 f6 32. Rxh6+ 1-0

[Event "31. Abierto Ciudad de Sevilla"]
[Site "Sevilla ESP"]
[Date "2006.01.07"]
[Round "1.16"]
[White "Guillen Mateos, Antonio"]
[Black "Paunovic, Dragan"]
[Result "0-1"]
[WhiteElo "1891"]
[BlackElo "2475"]
[PlyCount "54"]
[EventDate "2006.01.07"]
[EventType "swiss"]
[EventRounds "9"]
[EventCountry "ESP"]
[Source "lmi"]
[SourceDate "2006.01.09"]

1. e4 c5 2. Nf3 a6 3. d4 cxd4 4. Nxd4 Nf6 5. Nc3 e5 6. Nb3 Bb4 7. f3 O-O 8. Bd2
Nc6 9. Bd3 Bxc3 10. Bxc3 d5 11. Qe2 d4 12. Bd2 h6 13. O-O-O a5 14. Kb1 a4 15.
Nc1 Be6 16. g4 Nd7 17. g5 h5 18. f4 Bg4 19. Qg2 exf4 20. Bxf4 Bxd1 21. Rxd1
Nde5 22. Bb5 a3 23. c4 axb2 24. Qxb2 Qe7 25. Ne2 Ng6 26. Bg3 Nb4 27. a4 Qxe4+
0-1

[Event "31. Abierto Ciudad de Sevilla"]
[Site "Sevilla ESP"]
[Date "2006.01.07"]
[Round "1.17"]
[White "Hoffman, Alejandro"]
[Black "Jimenez Gonzalez, Marcos"]
[Result "1-0"]
[WhiteElo "2461"]
[BlackElo "1886"]
[PlyCount "99"]
[EventDate "2006.01.07"]
[EventType "swiss"]
[EventRounds "9"]
[EventCountry "ESP"]
[Source "lmi"]
[SourceDate "2006.01.09"]

1. d4 Nf6 2. c4 e6 3. g3 d5 4. Bg2 c6 5. Qc2 Be7 6. Nf3 O-O 7. O-O Nbd7 8. Rd1
dxc4 9. Qxc4 h6 10. Nc3 Re8 11. e4 Nb6 12. Qe2 Bf8 13. h4 Qe7 14. a4 a5 15. b3
Bd7 16. Ne5 Qd8 17. Be3 Bb4 18. Rac1 Qc7 19. g4 Bf8 20. Qf3 Re7 21. Bxh6 gxh6
22. Qxf6 Be8 23. g5 Bg7 24. Qf4 hxg5 25. hxg5 Nd7 26. Ng6 Qxf4 27. Nxf4 e5 28.
dxe5 Bxe5 29. Nfe2 f6 30. gxf6 Nxf6 31. Rd3 Bg6 32. f4 Bxc3 33. Nxc3 Rae8 34.
Rd6 Kg7 35. e5 Nh5 36. Ne2 Rf8 37. Rf1 Be8 38. Nd4 Nxf4 39. Rf6 Rxf6 40. exf6+
Kxf6 41. Rxf4+ Kg5 42. Rf5+ Kg6 43. Rxa5 Re3 44. Kf2 Rc3 45. Re5 Bf7 46. Re3
Rxe3 47. Kxe3 c5 48. Bxb7 cxd4+ 49. Kxd4 Kf6 50. a5 1-0

[Event "31. Abierto Ciudad de Sevilla"]
[Site "Sevilla ESP"]
[Date "2006.01.07"]
[Round "1.18"]
[White "Garcia Felizon, Eduardo"]
[Black "Fernandez Romero, Ernesto"]
[Result "0-1"]
[WhiteElo "1885"]
[BlackElo "2460"]
[PlyCount "42"]
[EventDate "2006.01.07"]
[EventType "swiss"]
[EventRounds "9"]
[EventCountry "ESP"]
[Source "lmi"]
[SourceDate "2006.01.09"]

1. c4 e5 2. Nc3 Bb4 3. g3 Nc6 4. e3 Bxc3 5. dxc3 f5 6. Bg2 Nf6 7. f3 O-O 8. Ne2
d6 9. O-O Qe8 10. b3 Bd7 11. Bb2 Qh5 12. Qc2 Rae8 13. Kf2 g5 14. Rh1 e4 15. h4
exf3 16. hxg5 Ng4+ 17. Ke1 Nxe3 18. Rxh5 Nxc2+ 19. Kf2 Rxe2+ 20. Kxf3 Rfe8 21.
Rah1 R8e3+ 0-1

[Event "31. Abierto Ciudad de Sevilla"]
[Site "Sevilla ESP"]
[Date "2006.01.07"]
[Round "1.19"]
[White "Komljenovic, Davor"]
[Black "Delgado Lozano, Jose Manuel"]
[Result "1-0"]
[WhiteElo "2458"]
[BlackElo "1883"]
[PlyCount "43"]
[EventDate "2006.01.07"]
[EventType "swiss"]
[EventRounds "9"]
[EventCountry "ESP"]
[Source "lmi"]
[SourceDate "2006.01.09"]

1. c4 c6 2. d4 d5 3. Nf3 Nf6 4. Nc3 e6 5. Bg5 Be7 6. e3 Nbd7 7. Rc1 O-O 8. Bd3
dxc4 9. Bxc4 b6 10. e4 Bb7 11. e5 Nd5 12. Bxe7 Nxe7 13. O-O Rc8 14. Re1 Re8 15.
Ne4 Rc7 16. Nd6 Rf8 17. Ng5 h6 18. Ngxf7 Qb8 19. Bxe6 Kh7 20. Qd3+ g6 21. Qh3
Rxf7 22. Nxf7 1-0

[Event "31. Abierto Ciudad de Sevilla"]
[Site "Sevilla ESP"]
[Date "2006.01.07"]
[Round "1.20"]
[White "Juidiaz Hernandez, Antonio L"]
[Black "Teran Alvarez, Ismael"]
[Result "0-1"]
[WhiteElo "1882"]
[BlackElo "2446"]
[PlyCount "108"]
[EventDate "2006.01.07"]
[EventType "swiss"]
[EventRounds "9"]
[EventCountry "ESP"]
[Source "lmi"]
[SourceDate "2006.01.09"]

1. d4 d5 2. c4 e5 3. cxd5 Qxd5 4. Nc3 Qxd4 5. Bd2 Nc6 6. e3 Qd8 7. Bb5 Nf6 8.
Nge2 Bd7 9. O-O Be7 10. Ng3 O-O 11. a3 a6 12. Ba4 Na5 13. Bxd7 Qxd7 14. Qc2
Rfd8 15. Rad1 Qe6 16. Nce4 Nxe4 17. Qxe4 Nc6 18. Bc3 Rxd1 19. Rxd1 Rd8 20.
Rxd8+ Bxd8 21. f4 exf4 22. Qxe6 fxe6 23. exf4 Bf6 24. Bxf6 gxf6 25. Ne4 Kf7 26.
Nc5 Nd8 27. Kf2 Ke7 28. Ke3 a5 29. g4 b6 30. Ne4 f5 31. gxf5 exf5 32. Ng5 h6
33. Nf3 Nf7 34. Kd4 Ke6 35. b4 a4 36. Ne1 Nd6 37. Nc2 c6 38. h3 Nb5+ 39. Kc4
Kd6 40. h4 h5 41. Kd3 Ke6 42. Kc4 Kd6 43. Kd3 c5 44. Kc4 Kc6 45. bxc5 bxc5 46.
Kd3 Nd6 47. Ne3 Nb5 48. Nc4 Nd4 49. Ne3 Kb5 50. Nc4 Nc2 51. Nd6+ Kc6 52. Nc4
Ne1+ 53. Kc3 Ng2 54. Ne5+ Kd5 0-1

[Event "31. Abierto Ciudad de Sevilla"]
[Site "Sevilla ESP"]
[Date "2006.01.08"]
[Round "2.1"]
[White "Troncoso Gutierrez, Juan Manuel"]
[Black "Korneev, Oleg"]
[Result "1/2-1/2"]
[WhiteElo "2068"]
[BlackElo "2649"]
[PlyCount "119"]
[EventDate "2006.01.07"]
[EventType "swiss"]
[EventRounds "9"]
[EventCountry "ESP"]
[Source "lmi"]
[SourceDate "2006.01.09"]

1. d4 d5 2. c4 e6 3. Nc3 c6 4. Nf3 Nf6 5. cxd5 exd5 6. Bg5 Be7 7. e3 Bf5 8. Bd3
Bxd3 9. Qxd3 Nbd7 10. O-O O-O 11. Rab1 a5 12. a3 Re8 13. Nd2 Bd6 14. h3 Qe7 15.
e4 dxe4 16. Ndxe4 h6 17. Nxd6 Qxd6 18. Be3 Nb6 19. b4 axb4 20. axb4 Nbd5 21.
Nxd5 Nxd5 22. b5 Ra3 23. Rb3 Ra2 24. Qb1 Rea8 25. bxc6 bxc6 26. Rb2 R2a3 27.
Rb3 g5 28. Rc1 Kg7 29. Rxa3 Rxa3 30. Qe4 Nc3 31. Qc2 Kg8 32. Kh1 Qe6 33. Qd3
Nb5 34. Qc4 Qxc4 35. Rxc4 Rc3 36. Rxc3 Nxc3 37. g4 f6 38. Kg2 Kf7 39. Kf3 Ke6
40. Bd2 Nb5 41. Ke4 Nd6+ 42. Kd3 Kd5 43. f4 Nb5 44. fxg5 fxg5 45. Be3 Nc7 46.
Bd2 Ne6 47. Be3 Nf8 48. Bf2 Ng6 49. Bg3 Nf8 50. Be5 Ne6 51. Bh8 Nf4+ 52. Ke3
Nxh3 53. Bg7 Nf4 54. Bxh6 Ne6 55. Kd3 Nf4+ 56. Ke3 Ne6 57. Kd3 Nxd4 58. Bxg5
Nf3 59. Bf6 Ne5+ 60. Bxe5 1/2-1/2

[Event "31. Abierto Ciudad de Sevilla"]
[Site "Sevilla ESP"]
[Date "2006.01.08"]
[Round "2.2"]
[White "Spraggett, Kevin"]
[Black "Aranaz Portugues, Jose C"]
[Result "1-0"]
[WhiteElo "2581"]
[BlackElo "2084"]
[PlyCount "81"]
[EventDate "2006.01.07"]
[EventType "swiss"]
[EventRounds "9"]
[EventCountry "ESP"]
[Source "lmi"]
[SourceDate "2006.01.09"]

1. e4 g6 2. d4 Bg7 3. Nc3 c6 4. h3 d5 5. Nf3 Nh6 6. Bd3 f6 7. O-O O-O 8. Re1
Nf7 9. b3 e6 10. Bb2 b6 11. Qe2 Bb7 12. exd5 exd5 13. Ba3 c5 14. Na4 Bc6 15.
dxc5 f5 16. Rab1 Re8 17. Qf1 Nd7 18. Bb5 Qc7 19. Rxe8+ Rxe8 20. Bxc6 Qxc6 21.
Qa6 Qc7 22. Qd3 Nf6 23. Bb2 bxc5 24. Bxf6 Bxf6 25. Qxd5 Re2 26. Qc4 Re4 27.
Qxc5 Qxc5 28. Nxc5 Re2 29. Re1 Rxc2 30. Re8+ Kg7 31. Ne6+ Kh6 32. Rf8 Rc6 33.
Rxf7 Rxe6 34. Rxa7 Re2 35. h4 Rb2 36. g3 Bd8 37. Rd7 Ba5 38. Kg2 Rxa2 39. Ng5
Kh5 40. Kh3 h6 41. f3 1-0

[Event "31. Abierto Ciudad de Sevilla"]
[Site "Sevilla ESP"]
[Date "2006.01.08"]
[Round "2.3"]
[White "Castillo Humanes, Pedro"]
[Black "Matamoros Franco, Carlos S"]
[Result "0-1"]
[WhiteElo "2052"]
[BlackElo "2510"]
[PlyCount "52"]
[EventDate "2006.01.07"]
[EventType "swiss"]
[EventRounds "9"]
[EventCountry "ESP"]
[Source "lmi"]
[SourceDate "2006.01.09"]

1. d4 Nf6 2. Bg5 d6 3. Bxf6 exf6 4. e3 g6 5. g3 f5 6. Ne2 Bg7 7. Bg2 h5 8. Nd2
h4 9. c3 Nd7 10. Qa4 Kf8 11. Nc4 Nf6 12. Nd2 Qe7 13. Qc2 Rb8 14. Nf3 h3 15. Bf1
Bd7 16. c4 Ne4 17. Nfg1 c5 18. d5 b5 19. cxb5 Rxb5 20. Rb1 Qd8 21. Nc3 Rxb2 22.
Rxb2 Bxc3+ 23. Ke2 Qa5 24. Bxh3 Bb5+ 25. Kf3 Nd2+ 26. Kf4 Be5+ 0-1

[Event "31. Abierto Ciudad de Sevilla"]
[Site "Sevilla ESP"]
[Date "2006.01.08"]
[Round "2.4"]
[White "Campora Sivori, Daniel"]
[Black "Gonzalez Marquez, Antonio Jesus"]
[Result "1-0"]
[WhiteElo "2541"]
[BlackElo "2067"]
[PlyCount "55"]
[EventDate "2006.01.07"]
[EventType "swiss"]
[EventRounds "9"]
[EventCountry "ESP"]
[Source "lmi"]
[SourceDate "2006.01.09"]

1. e4 e6 2. d4 d5 3. Nc3 Bb4 4. Nge2 dxe4 5. a3 Be7 6. Nxe4 Nf6 7. Qd3 Nbd7 8.
N2c3 O-O 9. Be3 Nxe4 10. Nxe4 Nf6 11. O-O-O c6 12. c4 Bd7 13. Ng5 a5 14. h4 b5
15. c5 a4 16. Be2 Qb8 17. g3 Bd8 18. Bd2 Ba5 19. Bxa5 Rxa5 20. Qd2 Ra7 21. Bd3
Rb7 22. Bc2 b4 23. Qd3 g6 24. h5 Be8 25. Qf3 Nd5 26. Nxh7 f5 27. Nxf8 Kxf8 28.
hxg6 1-0

[Event "31. Abierto Ciudad de Sevilla"]
[Site "Sevilla ESP"]
[Date "2006.01.08"]
[Round "2.5"]
[White "Morillo Vellarde, Gallego Antonio"]
[Black "Dizdar, Goran"]
[Result "0-1"]
[WhiteElo "2059"]
[BlackElo "2531"]
[PlyCount "76"]
[EventDate "2006.01.07"]
[EventType "swiss"]
[EventRounds "9"]
[EventCountry "ESP"]
[Source "lmi"]
[SourceDate "2006.01.09"]

1. e4 e6 2. d4 d5 3. exd5 exd5 4. Nf3 Bd6 5. Bd3 Bg4 6. O-O Ne7 7. Re1 Nbc6 8.
c3 Qd7 9. Nbd2 f6 10. Nf1 O-O-O 11. b4 Rde8 12. Ne3 h5 13. a4 Nf5 14. Qc2 Nce7
15. Nxf5 Nxf5 16. Ba3 g6 17. Nd2 Ne7 18. Bf1 Bf5 19. Qb2 g5 20. a5 Ng6 21. b5
Rxe1 22. Rxe1 Nf4 23. b6 axb6 24. axb6 cxb6 25. c4 Bd3 26. cxd5 Bxf1 27. Rxf1
Bxa3 28. Qxa3 Qxd5 29. Nf3 Kd7 30. Qa4+ b5 31. Qa3 Re8 32. Rd1 Nxg2 33. Kxg2 g4
34. Rd3 gxf3+ 35. Rxf3 Re4 36. h3 Rf4 37. Qd3 Rxf3 38. Qxf3 Ke6 0-1

[Event "31. Abierto Ciudad de Sevilla"]
[Site "Sevilla ESP"]
[Date "2006.01.08"]
[Round "2.6"]
[White "Narciso Dublan, Marc"]
[Black "Ruiz Viñals, Matias"]
[Result "1-0"]
[WhiteElo "2525"]
[BlackElo "2065"]
[PlyCount "81"]
[EventDate "2006.01.07"]
[EventType "swiss"]
[EventRounds "9"]
[EventCountry "ESP"]
[Source "lmi"]
[SourceDate "2006.01.09"]

1. e4 c5 2. Nf3 e6 3. b3 Nf6 4. e5 Nd5 5. Bb2 Be7 6. g3 O-O 7. Bg2 f5 8. O-O
Nc6 9. Re1 b5 10. Na3 Ba6 11. d3 Rb8 12. c4 Nc7 13. Qe2 Qe8 14. Bc1 Qg6 15. Be3
bxc4 16. dxc4 Nd4 17. Bxd4 cxd4 18. Nc2 f4 19. Nfxd4 Bc5 20. Qd2 fxg3 21. hxg3
h5 22. Re4 Bb7 23. Re3 Bxg2 24. Kxg2 Rbd8 25. Rae1 d6 26. Nc6 Rde8 27. exd6 e5
28. Ne7+ Rxe7 29. dxe7 Bxe7 30. Rxe5 Qc6+ 31. Kg1 Bc5 32. Rxc5 Qxc5 33. Qd4 Qf5
34. Re2 Kh8 35. Qe4 Qd7 36. Nd4 Rf6 37. Qh4 Ne6 38. Rxe6 Rxe6 39. Nxe6 Qxe6 40.
Qxh5+ Kg8 41. Qd5 1-0

[Event "31. Abierto Ciudad de Sevilla"]
[Site "Sevilla ESP"]
[Date "2006.01.08"]
[Round "2.7"]
[White "Vazquez Tey, Jose A"]
[Black "Lopez Martinez, Josep Manuel"]
[Result "0-1"]
[WhiteElo "2057"]
[BlackElo "2518"]
[PlyCount "108"]
[EventDate "2006.01.07"]
[EventType "swiss"]
[EventRounds "9"]
[EventCountry "ESP"]
[Source "lmi"]
[SourceDate "2006.01.09"]

1. d4 Nf6 2. Nf3 e6 3. e3 b6 4. Bd3 Bb7 5. Nbd2 c5 6. O-O cxd4 7. exd4 Be7 8.
Re1 O-O 9. c3 d6 10. Nf1 Nbd7 11. Ng3 Re8 12. a4 a6 13. h3 Bf8 14. Bg5 Qc7 15.
Ne4 Nxe4 16. Bxe4 Bxe4 17. Rxe4 b5 18. Re2 Nb6 19. axb5 axb5 20. Rc1 Rec8 21.
Bf4 Nd5 22. Bd2 Ra6 23. Ne1 Rc6 24. Ra1 Rc4 25. Nc2 b4 26. Ne3 Nxe3 27. Rxe3
bxc3 28. Bxc3 d5 29. Qd2 g6 30. Ree1 Qb6 31. Rac1 Qb3 32. g3 h5 33. h4 Rb8 34.
Kg2 Qb7 35. Kg1 Bg7 36. Rcd1 Qc8 37. Qe3 Rb3 38. Qe2 Qb7 39. Qd2 Rb6 40. Kh2
Rbc6 41. Ra1 Rc8 42. Kg1 Qb6 43. Rad1 Ra8 44. Kg2 Raa4 45. b4 Ra3 46. Re3 Qb5
47. Qb2 Ra8 48. Ra1 Rb8 49. Ra5 Qb7 50. Re1 e5 51. Rd1 Rbc8 52. Rc5 R8xc5 53.
dxc5 d4+ 54. Kg1 Rxc3 0-1

[Event "31. Abierto Ciudad de Sevilla"]
[Site "Sevilla ESP"]
[Date "2006.01.08"]
[Round "2.10"]
[White "Rizouk, Aimen"]
[Black "Corbalan Gomez, Juan Jose"]
[Result "1-0"]
[WhiteElo "2500"]
[BlackElo "2057"]
[PlyCount "53"]
[EventDate "2006.01.07"]
[EventType "swiss"]
[EventRounds "9"]
[EventCountry "ESP"]
[Source "lmi"]
[SourceDate "2006.01.09"]

1. e4 e5 2. Nf3 Nc6 3. Bc4 Be7 4. c3 Nf6 5. d3 O-O 6. O-O d6 7. a4 Be6 8. Nbd2
h6 9. Re1 Qd7 10. Nf1 a6 11. Ng3 Rfd8 12. Bb3 Bf8 13. Bc2 b5 14. h3 Qc8 15. d4
exd4 16. cxd4 Nb4 17. Bb1 bxa4 18. Rxa4 Qb7 19. Bd2 c5 20. Bc3 d5 21. e5 Nd7
22. dxc5 Bxc5 23. Nd4 Nc6 24. Nxe6 fxe6 25. Rg4 Nf8 26. Nh5 g5 27. h4 1-0